Statistics for ニコニコ動画で500万再生以上のボカロ曲

Click here to take the quiz!

General Stats

  • This quiz has been taken 296 times
  • The average score is 29 of 75

Answer Stats

楽曲名再生数% Correct
千本桜1649
87%
メルト1562
78%
砂の惑星1071
71%
初音ミクの消失1067
69%
マトリョシカ1410
66%
ロキ947
63%
ヒバナ825
61%
アスノヨゾラ哨戒班1117
60%
シャルル776
59%
ゴーストルール1112
59%
カゲロウデイズ839
58%
ローリンガール1079
57%
みくみくにしてあげる♪【してやんよ】1637
57%
六兆年と一夜物語1080
55%
ドーナツホール1002
54%
脳漿炸裂ガール990
54%
裏表ラバーズ972
53%
ロストワンの号哭904
52%
ヴァンパイア518
50%
パンダヒーロー855
49%
ワールズエンド・ダンスホール1424
49%
KING673
49%
エイリアンエイリアン839
46%
炉心融解967
46%
アンノウン・マザーグース1022
46%
神っぽいな579
45%
天ノ弱974
45%
いーあるふぁんくらぶ770
45%
モザイクロール1233
44%
ハッピーシンセサイザ727
44%
ロミオとシンデレラ961
42%
ダンスロボットダンス849
41%
ルカルカ★ナイトフィーバー584
41%
乙女解剖739
40%
深海少女533
39%
フォニイ695
38%
妄想感傷代償連盟620
37%
チルドレンレコード724
37%
ワールドイズマイン1013
37%
ウミユリ海底譚899
37%
ベノム829
37%
ブラック★ロックシューター835
37%
DAYBREAK FRONTLINE651
36%
弱虫モンブラン671
35%
脱法ロック630
34%
からくりピエロ670
34%
劣等上等666
33%
アンハッピーリフレイン643
32%
セツナトリップ602
32%
ECHO816
32%
サマータイムレコード512
31%
東京テディベア526
31%
メランコリック570
29%
テオ745
29%
夜咄ディセイブ590
28%
太陽系デスコ622
26%
ダブルラリアット820
26%
だれかの心臓になれたなら541
26%
インビジブル557
25%
チュルリラ・チュルリラ・ダッダッダ!621
25%
パラジクロロベンゼン514
22%
ビターチョコデコレーション619
20%
夜明けと蛍638
20%
ヒビカセ533
20%
ロスタイムメモリー598
20%
メリュー541
19%
結ンデ開イテ羅刹ト骸677
19%
*ハロー、プラネット。544
18%
グリーンライツ・セレナーデ520
18%
Just Be Friends515
18%
FREELY TOMORROW699
17%
アルカリレットウセイ617
16%
気まぐれメルシィ506
16%
アンヘル507
12%
何でも言うことを聞いてくれるアカネチャン687
11%

Score Distribution

Percentile by Number Answered

Percent of People with Each Score

Your Score History

You have not taken this quiz